Business English ( S.Y.B. A. ) (Record no. 367533)

MARC details
000 -LEADER
fixed length control field 00332nam a22001337a 4500
005 - DATE AND TIME OF LATEST TRANSACTION
control field 20250828122627.0
008 - FIXED-LENGTH DATA ELEMENTS--GENERAL INFORMATION
fixed length control field 250828b |||||||| |||| 00| 0 eng d
041 ## - LANGUAGE CODE
Language code of text/sound track or separate title Eng.
100 ## - MAIN ENTRY--PERSONAL NAME
Author Kulkarni, Anand & Others
245 ## - TITLE STATEMENT
Title Business English ( S.Y.B. A. )
260 ## - PUBLICATION, DISTRIBUTION, ETC.
Place of publication, distribution, etc. Pune
Name of publisher, distributor, etc. Vaibhav Book
300 ## - PHYSICAL DESCRIPTION
Extent 132
942 ## - ADDED ENTRY ELEMENTS (KOHA)
Koha item type Books
Holdings
Withdrawn status Lost status Source of classification or shelving scheme Damaged status Not for loan Home library Current library Date acquired Vendor Cost, normal purchase price Bill number Total Checkouts Barcode Date due Date last seen Date last checked out Bill Date Koha item type Original Barcode
    Dewey Decimal Classification     Shri Siddhivinayak Mahila Mahavidyalaya Shri Siddhivinayak Mahila Mahavidyalaya 28/08/2025 Vaibhav book House 120.00 1964 1 SSMM-BK-33523 11/10/2025 11/09/2025 11/09/2025 25/08/2020 Books 010033523
    Dewey Decimal Classification     Shri Siddhivinayak Mahila Mahavidyalaya Shri Siddhivinayak Mahila Mahavidyalaya 28/08/2025 Vaibhav book House 120.00 1964 6 SSMM-BK-33524   24/03/2026 18/03/2026 25/08/2020 Books 010033524
    Dewey Decimal Classification     Shri Siddhivinayak Mahila Mahavidyalaya Shri Siddhivinayak Mahila Mahavidyalaya 28/08/2025 Vaibhav book House 120.00 1964 3 SSMM-BK-33525   28/11/2025 24/11/2025 25/08/2020 Books 010033525
    Dewey Decimal Classification     Shri Siddhivinayak Mahila Mahavidyalaya Shri Siddhivinayak Mahila Mahavidyalaya 28/08/2025 Vaibhav book House 120.00 1964 2 SSMM-BK-33526 30/09/2025 30/09/2025 30/09/2025 25/08/2020 Books 010033526
    Dewey Decimal Classification     Shri Siddhivinayak Mahila Mahavidyalaya Shri Siddhivinayak Mahila Mahavidyalaya 28/08/2025 Vaibhav book House 120.00 1964 6 SSMM-BK-33527   05/02/2026 23/01/2026 25/08/2020 Books 010033527